| 000 | 00881nam a22003017a 4500 | ||
|---|---|---|---|
| 001 | BR7701907 | ||
| 003 | BR-BrBNA | ||
| 005 | 20230928085238.0 | ||
| 007 | ta | ||
| 008 | 230509b bl.||||| |||| 00| 0 por d | ||
| 040 |
_aBR-BrBNA _bpor _cBiblioteca Nacional de Agricultura |
||
| 041 | _a(Por) | ||
| 072 |
_aF00 _b1900 _b/G514 |
||
| 090 | _ 1900 BR7701907 | ||
| 100 | 1 | _aRocha, G.P. | |
| 110 | 1 |
_aEscola Superior de Agricultura de Lavras, MG (Brasil). Depto. de Zootecnia _94360 |
|
| 245 | 1 | _aForragicultura e pastagem [Pratica cultural; Brasil] | |
| 260 | 3 |
_aLavras, MG (Brasil): _c1977. |
|
| 300 | _a174 p. | ||
| 500 | _a25 illus.; Bibliography p. 170-174 (50 ref.) | ||
| 650 | _aProducao vegetal | ||
| 650 | _aPlanta forrageira | ||
| 650 | _aPastagem | ||
| 650 | _aForragem | ||
| 650 | _aPratica cultural | ||
| 909 |
_a202309 _bLucia _c55 _dLucia Elande |
||
| 942 | _cBK | ||
| 999 |
_c23473 _d23473 |
||